000 00803cam a22002653a 4500
001 21275
003 PGUSA
005 20140828083443.0
008 070502s2007||||xxu|||||s|||||000 1 eng d
040 _aPGUSA
_beng
042 _adc
050 4 _aPZ
100 1 _aMyrtle, Harriet,
_d-1876
245 1 4 _aThe Goat and Her Kid
_h[electronic resource] /
_cHarriet Myrtle
260 _bProject Gutenberg,
_c2007
505 0 _aThe goat and her kid -- The little foundling -- Winter pleasures.
506 _aPublic domain in the USA.
516 _aElectronic text
653 _aWinter sports -- Juvenile fiction
653 _aBirds -- Juvenile fiction
653 _aGoats -- Juvenile fiction
830 0 _aProject Gutenberg
_v21275
856 4 0 _uhttp://www.gutenberg.org/ebooks/21275
942 _cEB
999 _c250530
_d250530